LIBRARY & INFORMATION CENTRE, KCAET, TAVANUR

ONLINE PUBLIC ACCESS CATALOGUE (OPAC)

Vanapoolinte Kathakal / (Record no. 11374)

MARC details
000 -LEADER
fixed length control field 00430cam a2200181ua 4500
041 ## - LANGUAGE CODE
Language code of text/sound track or separate title mal
082 ## - DEWEY DECIMAL CLASSIFICATION NUMBER
Classification number 894.812301
Item number VAN/VA
100 ## - MAIN ENTRY--AUTHOR NAME
Personal name Vanaphool, .
245 ## - TITLE STATEMENT
Title Vanapoolinte Kathakal /
260 ## - PUBLICATION, DISTRIBUTION, ETC. (IMPRINT)
Place of publication Thrissur :
Name of publisher Current Books ,
Year of publication 1958.
300 ## - PHYSICAL DESCRIPTION
Number of Pages 110 ; .
942 ## - ADDED ENTRY ELEMENTS (KOHA)
Koha item type Books
Holdings
Withdrawn status Lost status Damaged status Home library Current library Date acquired Full call number Accession Number Koha item type
Withdrawn     KAUAET Malayalam University 07/04/2012 894.812301 235 Books
Withdrawn     KAUAET Malayalam University 07/04/2012 894.812301 5896 Books
free website counter